000
00314nam a22001337a 4500
008
170615b xxu||||| |||| 00| 0 eng d
020
_a
280810758
041
_a
eng
080
_a
32
100
_a
19
101
_a
SHP
245
_a
GLOBAL GOVERNANCE AND THE UNITED NATIONS SYSTEM
_c
RITTBERGER,V
942
_2
udc
_c
BK
999
_c
17594
_d
17594